00708nam a22002177a 450000500170000001000150001702000110003203500130004303700130005608200080006910000340007724500540011126000460016527000500021130000190026149000210028065000180030194200220031999900170034195201320035820100812145011.0 aENG-100015 c800.00 aEN-83547 bDBAD/PUB a881 aLanka Siva Rama Prasad912541 aSri maha bhagavatham /cby Lanka Siva Rama Prasad aAndhra PradeshbPrasanthi Hospital c2009 a Siva Nagar, warangalbAndhra Pradeshe506002 a300p.c26 (Hb) aSeries:15912542 aPoetry912543 2ddccENh881mLAN c41423d41423 001040718NFICaDBADbDBADd2010-08-12eDBAD / PUBg800.00l0o881 LANpEN-83547r2010-08-12 00:00:00v800.00w2010-08-12yEN